Mata reference manual : (Record no. 12977)

000 -LEADER
fixed length control field 00706cam a22002417a 4500
020 ## - INTERNATIONAL STANDARD BOOK NUMBER
ISBN 1597180866 (set)
020 ## - INTERNATIONAL STANDARD BOOK NUMBER
ISBN 9781597180863 (set)
020 ## - INTERNATIONAL STANDARD BOOK NUMBER
ISBN 9781597180870 (v. 1)
020 ## - INTERNATIONAL STANDARD BOOK NUMBER
ISBN 1597180874 (v. 1)
020 ## - INTERNATIONAL STANDARD BOOK NUMBER
ISBN 9781597180887 (v. 2)
020 ## - INTERNATIONAL STANDARD BOOK NUMBER
ISBN 1597180882 (v. 2)
040 ## - CATALOGING SOURCE
Transcribing agency BNG
082 ## - DEWEY DECIMAL CLASSIFICATION NUMBER
Classification number 005 STA 2001 A005 Or.
245 00 - TITLE STATEMENT
Title Mata reference manual :
Remainder of title release 12.
246 14 - VARYING FORM OF TITLE
Title proper/short title Stata release 12 :
Remainder of title Mata matrix programming
246 18 - VARYING FORM OF TITLE
Title proper/short title Stata 12 :
Remainder of title Mata matrix programming
260 ## - PUBLICATION, DISTRIBUTION, ETC. (IMPRINT)
Place of publication College Station, Tex. :
Name of publisher StataCorp LP,
Year of publication c2011.
300 ## - PHYSICAL DESCRIPTION
Number of Pages 2 v. ;
Dimensions 24 cm.
500 ## - GENERAL NOTE
General note Includes index.
650 #0 - SUBJECT ADDED ENTRY--TOPICAL TERM
Topical Term Programming (Mathematics)
710 2# - ADDED ENTRY--CORPORATE NAME
Corporate name or jurisdiction name as entry element StataCorp LP.
942 ## - ADDED ENTRY ELEMENTS (KOHA)
Koha item type សៀវភៅភាសាអង់គ្លេស
952 ## - LOCATION AND ITEM INFORMATION (KOHA)
Withdrawn status [LOCAL, KOHA] 0
Holdings
Permanent Location Date acquired Koha item type Lost status Shelving location Barcode Current Location Full call number
Library Block A2017-08-18សៀវភៅភាសាអង់គ្លេស A005A20641Library Block A005 STA 2001 A005 Or.
មជ្ឈមណ្ឌលឯការនៃសាកលវិទ្យាល័យភូមិន្ទកសិកម្មចំការដូង

Powered by Koha